|
|
|
|
| LEADER |
00942nam a2200241 a 4500 |
| 001 |
000580457 |
| 003 |
CZ BrMZK |
| 005 |
20100220185406.0 |
| 008 |
011204s1938 xr af f cze d |
| 015 |
|
|
|a cnb000749773
|
| 035 |
|
|
|a (OCoLC)85607022
|
| 040 |
|
|
|a BOA001
|b cze
|c BOA001
|
| 100 |
1 |
|
|a Jeneweinová, Marie,
|d 1862-1941
|7 jk01051445
|
| 245 |
1 |
0 |
|a Životní osudy malíře Felixe Jeneweina, rodáka Kutné Hory /
|c Marie Jeneweinová
|
| 260 |
|
|
|a Kutná Hora :
|b Město Kutná Hora,
|c 1938
|
| 300 |
|
|
|a 47 s., příl. :
|b il. ;
|c 4°
|
| 700 |
1 |
|
|a Jenewein, Felix,
|d 1857-1905
|7 jk01051444
|4 hnr
|
| 910 |
|
|
|a BOA001
|b PK-N-0008.184
|b DEML-0645.569
|
| 964 |
|
|
|a Jenewein, Felix - 1857-1905 - životopisy
|
| 990 |
|
|
|a BK
|
| 993 |
|
|
|a Y
|
| 996 |
6 |
|
|b 2619342448
|c DEML-0645.569
|l MZK
|r Sklad / do 24 hodin
|n 1
|w 000580457
|u 000020
|a 1
|e BOA001
|j MZK50
|s P
|
| 996 |
7 |
|
|b 3119677845
|c PK-N-0008.184
|l MZK
|r Sklad / do 1 hodiny
|n 2
|w 000580457
|u 000010
|a 1
|e BOA001
|j MZK50
|s A
|